| 000 | 00454nam a2200169Ia 4500 | ||
|---|---|---|---|
| 008 | 230917s9999||||xx |||||||||||||| ||und|| | ||
| 020 | _cRS1650 | ||
| 040 |
_e251562 _aMAIN |
||
| 041 | _aEnglish | ||
| 082 | _a338.4791 C394W | ||
| 100 | _aChauhan, Vineeta | ||
| 245 | 0 | _aWomen and tourism development | |
| 260 |
_aJaipur _bDND Publications _c2019 |
||
| 300 | _aviii, 260 p. | ||
| 500 | _a3323 26/11/2018 UBC18/7535 05/12/2018 IHTM (SFS) | ||
| 942 | _cBK | ||
| 999 |
_c28967 _d28967 |
||